The case for peace : How the Arab - Israeli conflict can be resolved

In The Case for Peace, Dershowitz identifies twelve geopolitical barriers to peace between Israel and Palestine–and explains how to move around them and push the process forward. From the division of Jerusalem and Israeli counterterrorism measures to the security fence and the Iranian nuclear threat...

全面介绍

Đã lưu trong:
书目详细资料
主要作者: Dershowitz, Alan M.
格式: 图书
语言:Undetermined
出版: New Jersey John Wiley & Sons 2005
主题:
标签: 添加标签
没有标签, 成为第一个标记此记录!
Thư viện lưu trữ: Trung tâm Học liệu Trường Đại học Cần Thơ
LEADER 01587nam a2200241Ia 4500
001 CTU_151904
008 210402s9999 xx 000 0 und d
020 |c 11.49 
082 |a 956.94054 
082 |b D437 
100 |a Dershowitz, Alan M. 
245 4 |a The case for peace : 
245 0 |b How the Arab - Israeli conflict can be resolved 
245 0 |c Alan Dershowitz 
260 |a New Jersey 
260 |b John Wiley & Sons 
260 |c 2005 
520 |a In The Case for Peace, Dershowitz identifies twelve geopolitical barriers to peace between Israel and Palestine–and explains how to move around them and push the process forward. From the division of Jerusalem and Israeli counterterrorism measures to the security fence and the Iranian nuclear threat, his analyses are clear-headed, well-argued, and sure to be controversial. According to Dershowitz, achieving a lasting peace will require more than tough-minded negotiations between Israelis and Palestinians. In academia, Europe, the UN, and the Arab world, Israel-bashing and anti-Semitism have reached new heights, despite the recent Israeli-Palestinian movement toward peace. Surveying this outpouring of vilification, Dershowitz deconstructs the smear tactics used by Israel-haters and shows how this kind of anti-Israel McCarthyism is aimed at scuttling any real chance of peace. 
650 |a Arab-Israeli conflict,Xung đột Do Thái-Ả rập 
650 |x Peace,Hoà bình 
650 |y 1993-,1993- 
904 |i Tran Linh Phuong, Năm 
980 |a Trung tâm Học liệu Trường Đại học Cần Thơ